Регионална библиотека "Любен Каравелов" - Русе

Die Entfuhrung aus dem Serail (Запис номер 215079)

MARC детайли
000 -Лидер
Контролно поле с фиксирана дължина 00664nja a2200217 a 4500
003 - Код на организацията, давaща контролен номер
Контролно поле BLK
005 - Дата и час на последна редакция
Контролно поле 20241005005433.0
008 - Елементи от данни с фиксирана дължина
fixed length control field 180410c bul|r|ner|||| 00| c0bul d
010 ## - Наследен системен номер
LC control number CDD00000150016
040 ## - Източник на каталожния запис
Идентификатор на билиотеката - собственик на записа BLK
100 ## - Редна дума - Автор
Автор Mozart, Wolfgang Amadeus
Дати, свързани с автора 1756 - 1791
R(LIN) 386874
245 10 - Сведения за заглавието
Заглавие Die Entfuhrung aus dem Serail
Редно поле (дума) Wolfgang Amadeus Mozart.
257 ## - Страна на издаване
Страна на създаване/издаване Германия
380 ## - Жанр
Жанр Изкуство
500 ## - Общи забележки
Забележка Durch Zartlichkeit und Schmeicheln
773 ## - Описание на основна библиографска единица при аналитични записи (многотомни)
Host Biblionumber 215063
Host Itemnumber 386422
Редна дума на основното описание Mozart, Wolfgang Amadeus
Заглавие Four Famous Soprano of the Past [CD аудио]
852 ## - Местоположение
Форматна сигнатура Цб CD 1691
942 ## - АРТИКУЛИ
Вид на библиотечния материал Компактдискове
Скрит в OPAC Не
944 ## - СЪЗДАВАНЕ И РЕДАКЦИЯ на ЗАПИСА
Създаване/Редакция Създаване
Дата на регистрацията/редакция 07.04.2008
Служител, извършил регистрацията/редакцията
Статус, дата на статуса CRON CRON
944 ## - СЪЗДАВАНЕ И РЕДАКЦИЯ на ЗАПИСА
Създаване/Редакция Редакция
Дата на регистрацията/редакция 07.04.2008
Служител, извършил регистрацията/редакцията
999 ## - СИСТЕМНИ КОНТРОЛНИ НОМЕРА
Koha biblionumber 215079
Koha biblioitemnumber 215079
Наличности
Код за отписване Код за изгубен артикул Код за повреда Коз за рестрикции Код за отдаване Артикулен № Име на библиотеката - собственик Име на библиотеката, в която се намира в момента Статус (Текущо местоположение) Дата на вписване в системата Местоположение - отдел Цена в лева Инвентарен номер Баркод Номер на екземпляра Цена в евро Служебна бележка Служебен тип на артикула Бележка за публиката
  Не е изгубен Не е повреден само за читалня ползва се в читалня 386438 Регионална библиотека "Любен Каравелов" Русе Регионална библиотека "Любен Каравелов" Русе Аналитични записи 2018-04-13 Аналитични записи 0.00 900000150016 900000150016 16 0.00 аналитичен запис Статия Това е описние на част от артикул: Four Famous Soprano of the Past [CD аудио]
Vip Innovations Ltd, Rousse, Bulgaria 2025